000 003100000a22001450004500
003 MACL
040 _aMACL
090 _c4893
_d4892
100 _aSen, Soumen
245 _aReligion in North-East in India
260 _bUppal Publishing House
_c1993
350 _a200
650 _aReligion
942 _cBOOK
_k294
999 _c4855
_d4855